01689nam a2200265Ia 4500001000600000003000900006008004100015040001300056040001300069041001300082100002500095100002900120245003500149245003500184250001100219260001100230260001800241260004900259300005700308500092700365650002401292650003101316700002201347700005401369H5845IT-RoPAU130308s9999 xx 000 0 und d aIT-RoPAU cIT-RoPAU aITALIANO aBettetini Gianfranco gCodice Aut. SPICS: 9215 aLogiche della televisione (Le) bLogiche della Televisione (Le) a1a ed. aMILANO bAngeli Franco c2004 [1° Ed.:2004 - Ed.Ling.Originale:2004] a"350 p. (prefazione: no ; testo: 350 [pagine: 0-0])" aIndustria televisiva e suo impatto Sociale di A. Fumagalli. guardare Tv, Pubblico Televisione tra consumo e Produzione di Senso di P. Aroldi. Informanzione Televisiva: Spettacolo del Mondo di M. Deriu. Varietà di E. Zambarbieri. Game Show di M. Ruggeri. Talk Show di M. Maggi. programmi Reality television di M. Villa. sport di P. Abbiezzi. Divulgazione Scientifica in Televisione di P. Braga. Programmazione Musicale e Televisione di flusso di G. Sibilla. forme del Racconto Televisivo di L. Manzi. Film tv e Miniserie di L. Cotta Ramosino. Media Serialità Americana di P. Braga. Lunga Serialita'Di S. Melodia. cartone Animato di F. Arlanch. web tv di N. Vittadini. Riferimenti Bibliografici a cura di G. Gibertoni. intento del Volume è Arrivare a comprendere in Profondità I Meccanismi costruttivi e di funzionamento dei Diversi programmi Televisivi, senza Fermarsi a Un'Analisi Descrittiva delle forme Testuali. aTEORICHE TELEVISIVE eCodice materia Spics: 6955 aBraga PaoloAA.VV. gCodice Aut. SPICS: 53755Codice Aut. SPICS: 12000